Vědecké spisy Vysokého učení technického v Brně :

Guardado en:
Detalles Bibliográficos
Formato: Revista
Lenguaje:eslovaco
Etiquetas: Agregar Etiqueta
Sin Etiquetas, Sea el primero en etiquetar este registro!

MARC

LEADER 00000nas a22000003a 4500
001 0024641
003 SK-STU
005 20170620112719.6
007 ta
008 170620c ----xo--rzpe-|| -0---b0slo-d
022 |a 1213-418X 
040 |a STU  |b slo 
245 0 |a Vědecké spisy Vysokého učení technického v Brně : 
300 |a 38 s. 
773 0 8 |w stu_us_cat*stu176715  |t Vědecké spisy Vysokého učení technického v Brně  |x 1213-418X  |d Brno : VUTIUM  |7 nnas 
996 |b 284V040557  |c V* 9391/K-2471  |d sv. 567, 2017  |v sv. 567  |y 2017  |l VVT  |s A  |a 24  |w 0024641_0001